| 000 | 01122 a2200253 4500 | ||
|---|---|---|---|
| 003 | Nust | ||
| 005 | 20220725105052.0 | ||
| 010 | _a 2003000318 | ||
| 020 | _a0672323168 (acid-free paper) | ||
| 040 | _cNust | ||
| 082 | 0 | 0 | _a005.71369,HOW |
| 100 | 1 |
_aHowes, Tim. _994853 |
|
| 245 | 1 | 0 |
_aUnderstanding and deploying LDAP directory services / _cTimothy A. Howes, Mark C. Smith, and Gordon S. Good. |
| 250 | _a2nd ed. | ||
| 260 |
_aBoston : _bAddison-Wesley, _cc2003. |
||
| 300 |
_axxxiv, 899 p. : _bill. ; _c25 cm. |
||
| 505 | _aPart-1 Introduction to Directory Services and LDAP (Page-1), Part-2: Designing your Directory Service (Page-199), Part-3: Deploying Your Directory Service (Page-453), Part-IV: Maintaining Your Directory Service (Page-535), Part-V: Leveraging Your Directory Services (Page-641), Part-VI Case Studies (Page-795). | ||
| 650 | 0 |
_aComputer network protocols. _981627 |
|
| 650 | 0 |
_aDirectory services (Computer network technology) _994854 |
|
| 650 | 0 |
_aLDAP (Computer network protocol) _994855 |
|
| 700 | 1 |
_aGood, Gordon S. _994856 |
|
| 700 | 1 |
_aSmith, Mark, _d1966- _994857 |
|
| 942 |
_cREF _2ddc |
||
| 999 |
_c175254 _d175254 |
||